Famous Australian People by Picture Quiz Stats

 Plays Quiz Updated May 22, 2018

Challenge
Share
Tweet
Score 0/15 Timer 06:00
2 Plays Today
Person % Correct
Nicole Kidman
89.4%
Hugh Jackman
86.8%
Steve Irwin
76.8%
Heath Ledger
71.2%
Liam Hemsworth
65.3%
Kylie Minogue
64.5%
Cate Blanchett
63.6%
Rebel Wilson
55.1%
Person % Correct
Iggy Azalea
53.6%
Elle MacPherson
38.4%
Lleyton Hewitt
36.8%
Geoffrey Rush
34.8%
Angus Young
34.4%
Shane Warne
28%
Ian Thorpe
24.5%

You're not logged in!

Compare scores with friends on all Sporcle quizzes.
Join for Free
OR
Log In

You Might Also Like...

Show Comments

Extras

Top Quizzes Today


Score Distribution

Your Account Isn't Verified!

In order to create a playlist on Sporcle, you need to verify the email address you used during registration. Go to your Sporcle Settings to finish the process.

Report this User

Report this user for behavior that violates our Community Guidelines.

Details: